|
|
|
|
| LEADER |
01217nam a2200277 a 4500 |
| 001 |
3428927 |
| 008 |
091027s1995 ii a b 001 0 eng d |
| 010 |
|
|
|a 90903826
|
| 020 |
|
|
|a 8170234778
|
| 040 |
|
|
|a DLC
|c DLC
|d DLC
|
| 082 |
0 |
0 |
|a 338.954
|2 21
|
| 245 |
0 |
0 |
|a Economic problems of modern India :
|b finance, texation and new economic policy /
|c editor, G.R. Madan
|
| 260 |
|
|
|a New Delhi :
|b Allied Publishers,
|c 1995
|
| 300 |
|
|
|a xiii, 263 p. :
|b ill., maps ;
|c 24 cm.
|
| 500 |
|
|
|a Festschrift honoring Radhakamal Mukerjee, 1889-1968, social scientist; contributed articles.
|
| 504 |
|
|
|a Includes bibliographical references and index.
|
| 541 |
1 |
|
|e 00012437
|
| 651 |
|
0 |
|a India
|x Economic policy
|y 1980-1991.
|
| 650 |
|
0 |
|a Agriculture
|x Economic aspects
|z India.
|
| 650 |
|
0 |
|a Infrastructure (Economics)
|z India.
|
| 650 |
|
0 |
|a Industrial policy
|z India.
|
| 700 |
1 |
|
|a Madan, G. R.
|q (Gurmukh Ram),
|d 1923-
|
| 700 |
1 |
|
|a Mukerjee, Radhakamal,
|d 1889-1968.
|
| 852 |
4 |
|
|a Ayesha Abed Library
|j General Shelf
|
| 999 |
|
|
|c 5388
|d 5388
|
| 952 |
|
|
|0 0
|1 0
|2 ddc
|4 0
|6 338_954000000000000_ECO
|7 0
|9 5247
|a BRACUL
|b BRACUL
|c GEN
|d 2009-11-10
|g 0.00
|l 0
|o 338.954 ECO
|p 3010012437
|r 2009-11-10
|t 1
|w 2009-11-10
|y BK
|x No price found in the accession register.
|